<?xml version="1.0" encoding="UTF-8"?><?xml-stylesheet type="text/xsl" href="static/style.xsl"?><OAI-PMH xmlns="http://www.openarchives.org/OAI/2.0/" xmlns:xsi="http://www.w3.org/2001/XMLSchema-instance" xsi:schemaLocation="http://www.openarchives.org/OAI/2.0/ http://www.openarchives.org/OAI/2.0/OAI-PMH.xsd"><responseDate>2026-04-17T05:22:53Z</responseDate><request verb="GetRecord" identifier="oai:www.recercat.cat:10459.1/46534" metadataPrefix="marc">https://recercat.cat/oai/request</request><GetRecord><record><header><identifier>oai:recercat.cat:10459.1/46534</identifier><datestamp>2025-10-04T18:54:17Z</datestamp><setSpec>com_2072_3622</setSpec><setSpec>col_2072_479130</setSpec></header><metadata><record xmlns="http://www.loc.gov/MARC21/slim" xmlns:dcterms="http://purl.org/dc/terms/" xmlns:xsi="http://www.w3.org/2001/XMLSchema-instance" xmlns:doc="http://www.lyncode.com/xoai" xsi:schemaLocation="http://www.loc.gov/MARC21/slim http://www.loc.gov/standards/marcxml/schema/MARC21slim.xsd">
   <leader>00925njm 22002777a 4500</leader>
   <datafield ind2=" " ind1=" " tag="042">
      <subfield code="a">dc</subfield>
   </datafield>
   <datafield ind2=" " ind1=" " tag="720">
      <subfield code="a">Flores i Alarcia, Òscar</subfield>
      <subfield code="e">author</subfield>
   </datafield>
   <datafield ind2=" " ind1=" " tag="720">
      <subfield code="a">Arco Bravo, Isabel del</subfield>
      <subfield code="e">author</subfield>
   </datafield>
   <datafield ind2=" " ind1=" " tag="260">
      <subfield code="c">2011</subfield>
   </datafield>
   <datafield ind2=" " ind1=" " tag="520">
      <subfield code="a">El artículo está basado en un estudio realizado con el objetivo de observar el desarrollo de los procesos de evaluación en diferentes asignaturas presenciales, semipresenciales y no presenciales de la Universidad de Lleida. Se recogieron datos a través de análisis documental de planificaciones, un cuestionario a  profesorado y estudiantado y entrevistas a profesorado. Los datos mostraron diferentes percepciones sobre las estrategias de evaluación entre docentes y discentes. También que a medida que aumenta la no presencialidad se desarrollan más estrategias de evaluación continuada.</subfield>
   </datafield>
   <datafield ind2=" " ind1=" " tag="520">
      <subfield code="a">The article is based on a study carried out to observe the development of the assessment processes in face-to-face, blended-learning and e-learning subjects at the University of Lleida. We took data from documental analyses of the schedules, questionnaires at teachers and students and interviews at teachers. The data showed different perceptions of assessment strategies between teachers and students, as well as that continued assessment is more used in e-learning subjects than face-to-face subjects.</subfield>
   </datafield>
   <datafield tag="653" ind2=" " ind1=" ">
      <subfield code="a">Tecnologías	de	la	Información	y	la	Comunicación</subfield>
   </datafield>
   <datafield tag="653" ind2=" " ind1=" ">
      <subfield code="a">Aprendizaje</subfield>
   </datafield>
   <datafield tag="653" ind2=" " ind1=" ">
      <subfield code="a">Universidad</subfield>
   </datafield>
   <datafield tag="653" ind2=" " ind1=" ">
      <subfield code="a">Evaluación	del	alumno</subfield>
   </datafield>
   <datafield tag="653" ind2=" " ind1=" ">
      <subfield code="a">Alumnes--Avaluació--Lleida</subfield>
   </datafield>
   <datafield tag="653" ind2=" " ind1=" ">
      <subfield code="a">Universitat de Lleida</subfield>
   </datafield>
   <datafield ind2="0" ind1="0" tag="245">
      <subfield code="a">Los procesos de evaluación en asignaturas presenciales, semipresenciales y no presenciales de la Universidad de Lleida. Opinión de profesorado y estudiantes</subfield>
   </datafield>
</record></metadata></record></GetRecord></OAI-PMH>